Statistics for Top 15 Countries with Covid-19 Deaths - 12 September

Click here to take the quiz!

General Stats

  • This quiz has been taken 19 times
  • The average score is 13 of 20

Answer Stats

country% Correct
United Kingdom
100%
United States
100%
India
94%
Brazil
88%
Italy
88%
Mexico
88%
France
82%
Russia
76%
Spain
71%
Argentina
65%
Colombia
59%
Iran
59%
Chile
53%
Peru
53%
South Africa
53%
Belgium
47%
Bolivia
41%
Ecuador
41%
Panama
41%
Sweden
35%

Score Distribution

Percentile by Number Answered

Percent of People with Each Score

Your Score History

You have not taken this quiz